000 00647nam a2200229Ia 4500
003 OSt
005 20220928113428.0
006 a|||||r|||| 00| 0
007 ta
008 220927b |||||||| |||| 00| 0 eng d
024 _a75655
037 _cAnnuals, Advances
040 _aSDCL
_cSDCL
_beng
041 _2eng
_aeng
082 _aV1:51'N39, L6
100 _aBaldwin Hanson W
_9432958
245 0 _aCrucial years,1939-41
_b The world at war.
260 _aLondon
_bWeidenfield and Nicolson
_c1976
300 _avi,499p
_ccm.
942 _hV1:51'N39, L6
_cREF
_2CC
999 _c749434
_d749434